000 00451nam a2200181Ia 4500
005 20260429112129.0
008 260429s9999||||xx |||||||||||||| ||und||
020 _a9789393317322
041 _aEnglish
082 _a613.7046
_bPAN
100 _aPandit, Vishakha
245 0 _aLight on yoga /
_cVishakha Pandit
250 _a1st ed.
260 _aNew Delhi :
_bHind Prakashan,
_c2024.
300 _av, 232 p.; hb
650 _aYoga
942 _cTB
999 _c52501
_d52501